[Event "Capablanca Memorial U15 2nd"]
[Site "Havana"]
[Date "2018.05.14"]
[Round "2"]
[White "Jimenez Suarez, Deiny"]
[Black "Ramos Silvera, Roberto Alejandro"]
[Result "0-1"]
[WhiteElo "1630"]
[BlackElo "1984"]
[PlyCount "64"]
[EventDate "2018.05.14"]
[EventType "swiss"]
[EventRounds "7"]
[EventCountry "CUB"]
[SourceTitle "EXT 2021"]
[Source "ChessBase"]
[SourceDate "2020.10.23"]
[SourceVersion "1"]
[SourceVersionDate "2020.10.23"]
[SourceQuality "1"]

1. e4 c5 2. d3 Nc6 3. Nf3 g6 4. g3 Bg7 5. Bg2 Nf6 6. Nbd2 d5 7. 0-0 dxe4 8. dxe4 0-0 9. Qe2 Qc7 10. Nb3 Nd7 11. c3 a5 12. Be3 b6 13. Qc2 Ba6 14. Rfd1 Rad8 15. Rd2 Nde5 16. Nxe5 Nxe5 17. Bf4 a4 18. Rxd8 Rxd8 19. Nd2 Qd7 20. Bf1 Bxf1 21. Kxf1 Qh3+ 22. Ke1 Nd3+ 23. Ke2 Qxh2 24. Be3 Qh5+ 25. f3 Qh2+ 26. Kf1 Qh1+ 27. Bg1 Qh3+ 28. Ke2 Qg2+ 29. Ke3 Bh6+ 30. f4 Qxg3+ 31. Nf3 Bxf4+ 32. Ke2 Qg2+ 0-1